La renta del ahorro (Registro nro. 15720)
[ vista simple ]
| 000 -LEADER | |
|---|---|
| fixed length control field | 00293 a2200109 4500 |
| 001 - CONTROL NUMBER | |
| control field | ART_31492 |
| 005 - DATE AND TIME OF LATEST TRANSACTION | |
| control field | 20260410161707.0 |
| 008 - FIXED-LENGTH DATA ELEMENTS--GENERAL INFORMATION | |
| fixed length control field | 260409a |
| 100 1# - MAIN ENTRY--PERSONAL NAME | |
| Personal name | Rosembuj, Tulio R. |
| 245 10 - TITLE STATEMENT | |
| Title | La renta del ahorro |
| 773 0# - HOST ITEM ENTRY | |
| Title | Revista Impuestos |
| Related parts | - Nº 2 (ene. 2007) |
| Record control number | REV639 |
No hay ítems disponibles.